01246 2200265 4500001002100000005001500021035002000036007000300056008004100059020002200100082001500122084002400137100001900161245007200180250003700252300004300289650004100332520046300373600002200836264003200858336002100890337003000911338002300941990001600964INLIS00000000116540820250409083244 a0010-0425000001ta250409 g | ind  a978-623-02-7193-9 a320.509598 aSR 320.509598 CUC g0 aCucu Suwandana1 aGaya Hidup Berkelanjutan :bSampah Membawa Berkah /cCucu Suwandana aCetakan pertama : september 2023 axii, 120 halaman :bilustrasi ;c20 cm 4aSistem pendidikan nasional Pancasila aBuku ini lahir, karena keprihatinan penulis akan masih banyaknya para kepala sekolah dan guru yang belum memahami pentingnya pelajar memiliki profil Pancasila baik secara teoretis maupun implementasinya di lapangan. Dalam buku ini menggambarkan bagaimana membentuk profil pelajar Pancasila melalui P5 dengan topik “Sampah Membawa Berkah”. Di sini kita akan mendapatkan bagaimana mendesain P5, mulai dari membentuk tim fasilitator sampai membuat rapor P5. 4aSampah, Teknologi aSleman :bDeepublish,c2023 2rdacontentaTeks 2rdamediaaTanpa perantara 2rdacarrieraVolume a55690.68510